=LDR 00000nam 2200000 4500 =001 000132 =020 $9786021411551 =082 $641.500 =100 $Anti Apriliyanti Suganti =245 $25 menu spesial si kecil =250 $Cetakan I =264 $Depok: Mutiara Allamah Utama 2023 =300 $iv, 52 halaman; 23 cm. =650 $Makanan =905 $641.5 ANT d =336 $$a =337 $$a =338 $$a =005 20260702151432.0 =008 260702s2026\\\\\\\\\\\\\\\\\\\\\\\\\\\\\\\\\\\\\\\\\